| 000 | 00667nam a2200229 a 4500 | ||
|---|---|---|---|
| 005 | 20210219153527.0 | ||
| 008 | 991125n 000 0 u | ||
| 035 | _aUPN01000104779 | ||
| 100 | _aNeal, Judith C. | ||
| 222 | _aJOURNAL OF READING | ||
| 245 | _aThe very hungry caterpillar meets beowulf in secondary classrooms | ||
| 300 | _a290-296 | ||
| 362 | _a35, No. 4, 1991 | ||
| 505 | _aAbril 1992 | ||
| 653 | 0 | _aESTUDIANTES DE ESCUELA SECUNDARIA | |
| 653 | 0 | _aLIBROS DE PINTURAS | |
| 653 | 0 | _aMATERIALES DE LECTURA SUPLEMENTARIA | |
| 653 | 0 | _aSELECCION DE MATERIALES DE LECTURA | |
| 700 | _aMoore, Kay | ||
| 904 |
_aAC _b042590 |
||
| 905 | _aArticulo | ||
| 999 |
_c79089 _d79089 |
||